Small alternating current motors; (Record no. 545477)
[ view plain ]
| 000 -LEADER | |
|---|---|
| fixed length control field | 00686cam a22001451 4500 |
| 082 ## - DEWEY DECIMAL CLASSIFICATION NUMBER | |
| Classification number | 621.3133 |
| Author Mark | AVL |
| -- | L-10, P-43 |
| 100 1# - MAIN ENTRY--PERSONAL NAME | |
| Personal name | Avery, Alfred H., |
| 9 (RLIN) | 41341 |
| 245 10 - TITLE STATEMENT | |
| Title | Small alternating current motors; |
| Remainder of title | a practical handbook descriptive of types, running characteristics, starting arrangements and the general applications of fractional horse-power alternating current motors, with rules for the estimation of new windings, |
| Statement of responsibility, etc. | by Alfred H. Avery. |
| 260 ## - PUBLICATION, DISTRIBUTION, ETC. | |
| Place of publication, distribution, etc. | London, |
| Name of publisher, distributor, etc. | P. Marshall & co., ltd. |
| Date of publication, distribution, etc. | [1936] |
| 300 ## - PHYSICAL DESCRIPTION | |
| Extent | 51 p. |
| Other physical details | illus. |
| Dimensions | 19 cm. |
| 526 ## - STUDY PROGRAM INFORMATION NOTE | |
| Program name | 0 |
| Interest level | 0 |
| Reading level | 0 |
| Title point value | 621_313300000000000_AVL |
| 650 #0 - SUBJECT ADDED ENTRY--TOPICAL TERM | |
| Topical term or geographic name entry element | Electric motors, Alternating current. |
| 9 (RLIN) | 41342 |
| 650 #0 - SUBJECT ADDED ENTRY--TOPICAL TERM | |
| Topical term or geographic name entry element | MCE |
| 9 (RLIN) | 379 |
| 942 ## - ADDED ENTRY ELEMENTS (KOHA) | |
| Source of classification or shelving scheme | |
| Koha item type | Book |
| Withdrawn status | Lost status | Source of classification or shelving scheme | Damaged status | Not for loan | Permanent Location | Current Location | Date acquired | Total Checkouts | Full call number | Barcode | Date last seen | Price effective from | Koha item type |
|---|---|---|---|---|---|---|---|---|---|---|---|---|---|
| Military College of Engineering (MCE) | Military College of Engineering (MCE) | 05/23/2014 | 621.3133 AVL | MCE-29923 | 05/23/2014 | 05/23/2014 | Book |
